|
|
|
|
| LEADER |
00000cam a2200000 a 4500 |
| 001 |
vtls001221622 |
| 003 |
SK-MaSNL |
| 005 |
20260301154540.0 |
| 008 |
250414s1995 xo a fr 10000 mul |
| 015 |
|
|
|a SNBA1997/0100136
|
| 020 |
|
|
|a 8080400261
|
| 035 |
|
|
|a SNK000166835
|
| 035 |
|
|
|a urn:nbn:sk:snk-amjqxs
|
| 035 |
|
|
|a urn:nbn:sk:snk:ar-a0cjf9
|
| 035 |
|
|
|a f3433e24-c05c-4c2c-ad0e-55c9758132af
|
| 040 |
|
|
|a SNK
|b slo
|c SNK
|e AACR2
|
| 041 |
0 |
|
|a mul
|
| 044 |
|
|
|a xo
|c SK
|
| 080 |
|
|
|a 539(082)
|2 1981
|
| 245 |
0 |
0 |
|a Solid state physics and radioactive irradiation
|b proceedings of the workshop : 7-8 June 1995 Liptovský Mikuláš, Slovak Republic
|c [editors:] P. Šutta, J. Mudroň
|
| 260 |
|
|
|a Liptovský Mikuláš
|b Military Academy
|c [1995]
|
| 300 |
|
|
|a 143 s.
|b Grafy, sch., tab.
|c 21 cm
|
| 366 |
|
|
|e 60 výt.
|
| 500 |
|
|
|a Čiast. text čes., slov. a rus.
|
| 504 |
|
|
|a Bibliogr.
|
| 650 |
0 |
7 |
|a fyzika
|2 SNKPH
|9 816
|
| 650 |
0 |
7 |
|a rádioaktívne žiarenie
|2 SNKPH
|9 68998
|
| 650 |
0 |
7 |
|a tuhé látky
|2 SNKPH
|9 3539
|
| 655 |
|
7 |
|a zborníky konferencií
|2 SNKPH
|9 70153
|
| 655 |
|
7 |
|a issue_zb
|2 SNK
|9 276493
|
| 700 |
1 |
|
|a Šutta, P.
|4 adp
|9 385980
|
| 700 |
1 |
|
|a Mudroň, Ján,
|d 1949-
|4 adp
|9 256099
|
| 852 |
|
|
|a Slovenská národná knižnica
|
| 919 |
|
|
|a 80-8040-026-1
|
| 954 |
|
|
|a odborná, vedecká literatúra pôvodná (slovenská)
|2 lita
|
| 954 |
|
|
|a odborná, vedecká literatúra cudzojazyčná (svetová)
|2 lita
|
| 958 |
|
|
|a ART
|
| 958 |
|
|
|a TL
|
| 958 |
|
|
|a NB
|
| 958 |
|
|
|a OND
|
| 958 |
|
|
|a EUIPO
|
| 999 |
|
|
|c 797236
|d 799166
|
| 952 |
|
|
|t P60, <09>, [BOOK], {629}
|a SNK
|b SNK
|y NEVYP
|7 0
|o snkC 1919
|i snk3588/961024
|0 0
|1 0
|4 0
|d 1996-10-21
|l 0
|r 2005-01-01 00:00:00
|w 2026-02-24
|
| 952 |
|
|
|t P60, <03>, [BOOK], {603}
|a SNK
|b SNK
|y PREZ
|7 0
|p 17A0014352
|o snkSC 91539
|i snkKSP 8927/96
|0 0
|1 0
|4 0
|d 1996-10-21
|l 0
|r 2025-09-10 00:00:00
|w 2026-02-24
|
| 952 |
|
|
|t P60, <04>, [BOOK], {604}
|a SNK
|b SNK
|y VYP
|7 0
|p 17A0014351
|o snkSC 91539 D1
|i snkKSP 8928/96
|0 0
|1 0
|4 0
|d 1996-10-21
|l 0
|r 2005-01-01 00:00:00
|w 2026-02-24
|